Acta Universitatis Danubius Juridica
| Autor Corporativo: | |
|---|---|
| Formato: | Electrónico Seriadas |
| Lenguaje: | rumano inglés francés |
| Publicado: |
Galati :
Universitatea Danubius
|
| Materias: | |
| Acceso en línea: | Full text available from Research Library: 01/01/2017 to present |
MARC
| LEADER | 00000nas a2200000 a 4500 | ||
|---|---|---|---|
| 001 | ssj0000328705 | ||
| 003 | WaSeSS | ||
| 005 | 20200512172242.0 | ||
| 006 | m d | ||
| 007 | cr n | ||
| 008 | 090407c20059999rm ar s g a0 0rum c | ||
| 010 | |a 2009267054 | ||
| 022 | |a 2065-3891 |l 1844-8062 | ||
| 035 | |a (WaSeSS)ssj0000328705 | ||
| 040 | |a RCJ |b eng |e pn |c RCJ |d RCJ |d DOS |d OCLCQ |d CLU |d CUS |d OCLCF |d OCLCQ |d AU@ |d VT2 |d AUD |d BEDGE |d CUS |d WaSeSS | ||
| 041 | 0 | |a rum |a eng |a fre | |
| 042 | |a pcc | ||
| 050 | 1 | 4 | |a K1 |b .C715 |
| 210 | 0 | |a Acta Univ. Danubius, Jurid. |b (Online) | |
| 222 | 0 | |a Acta Universitatis Danubius. Juridica |b (Online) | |
| 245 | 0 | 0 | |a Acta Universitatis Danubius Juridica |h [electronic resource]. |
| 246 | 1 | 3 | |a Juridica |
| 246 | 1 | 3 | |a Revista Acta Universitatis Danubius Juridica |
| 246 | 1 | 3 | |a Acta Universitatis Juridica |
| 246 | 1 | 3 | |a Acta Universitatis Danubius |
| 246 | 1 | 3 | |a Acta Universitatis Danubius Juridica review |
| 246 | 1 | 3 | |a Acta U. Danubius Jur |
| 260 | |a Galati : |b Universitatea Danubius | ||
| 310 | |a Annual | ||
| 362 | 1 | |a Began with 2005, Nr. 1. | |
| 506 | |a License restrictions may limit access. | ||
| 546 | |a Articles primarily in French, with abstracts and tables of contents in English, French, or Romanian. | ||
| 588 | |a Description based on: 2005, Nr. 1; title from journal home page (publisher Web site, viewed June 5, 2009). | ||
| 588 | |a Latest issue consulted: 2008, Nr. 1 (Hein Online, viewed June 5, 2009). | ||
| 650 | 0 | |a Law |v Periodicals. | |
| 650 | 0 | |a International law |v Periodicals. | |
| 650 | 7 | |a International law. |2 fast |0 (OCoLC)fst00976984 | |
| 650 | 7 | |a Law. |2 fast |0 (OCoLC)fst00993678 | |
| 650 | 7 | |a Droit national. |2 eclas | |
| 650 | 7 | |a Droit international. |2 eclas | |
| 651 | 7 | |a Roumanie. |2 eclas | |
| 655 | 0 | |a Electronic journals. | |
| 710 | 2 | |a Universitatea Danubius. |b Facultatea de Drept. | |
| 776 | 0 | 8 | |i Print version: |t Acta Universitatis Danubius Juridica |x 1844-8062 |w (OCoLC)885830455 |
| 856 | 4 | 0 | |z Full text available from Research Library: 01/01/2017 to present |u https://search.proquest.com/publication/2069378 |